000 00436nam a2200169Ia 4500
003 GCL
008 140319s9999 xx 000 0 eng d
040 _aGCL /
_cGCL
082 0 4 _aCH
_b420.52
_bD B
100 1 _aDURY, ALAN
245 1 0 _a1000 BASIC SPELLINGS /
_cDURY, ALAN
260 _a[S.N] :
_bWORLD INTERNATIONAL PUBLISHING LTD ،
_c1993
300 _a64
650 0 4 _aENGLISH LANGUAGE
650 0 4 _aLANGUAGES
942 _2ddc
_cBK
999 _c17615
_d17615